Southville International School and Colleges
Your cart is empty.
  • Cart
  • Lists
    Public lists Eva Luna New books Lux_list list_1
    Your lists Log in to create your own lists
  • Log in to your account
  • Your cookies
  • Search history
Southville International School and Colleges
  • Advanced search
  • Recent comments
  • Most popular
  • Libraries

Log in to your account

Log in with GOOGLE


If you do not have an external account, but do have a local account, you can still log in:

  1. Home
  2. MARC view: Nursing practice in the community /
Normal view MARC view ISBD view

Nursing practice in the community / (Record no. 117849)

[ view plain ]
MARC details
000 -LEADER
fixed length control field 00557nam a2200181Ia 4500
008 - FIXED-LENGTH DATA ELEMENTS--GENERAL INFORMATION
fixed length control field 140529s9999 xx 000 0 und d
020 ## - INTERNATIONAL STANDARD BOOK NUMBER
International Standard Book Number 9719192437
050 ## - LIBRARY OF CONGRESS CALL NUMBER
Classification number RT 41
Item number .N937 2004
245 ## - TITLE STATEMENT
Title Nursing practice in the community /
Statement of responsibility, etc Araceli S. Maglaya, editor
250 ## - EDITION STATEMENT
Edition statement 4th ed.
260 ## - PUBLICATION, DISTRIBUTION, ETC. (IMPRINT)
Place of publication, distribution, etc Marikina City, Philippines :
Name of publisher, distributor, etc Argonauta Corporation,
Date of publication, distribution, etc c2004.
300 ## - PHYSICAL DESCRIPTION
Extent 450 p. ;
Dimensions 26 cm.
500 ## - GENERAL NOTE
General note Includes bibliographical references and appendix.
521 ## - TARGET AUDIENCE NOTE
Target audience note
650 ## - SUBJECT ADDED ENTRY--TOPICAL TERM
Topical term or geographic name as entry element Nursing process.
942 ## - ADDED ENTRY ELEMENTS (KOHA)
Call number prefix Foreign
Koha item type Books
Holdings
Withdrawn status Lost status Damaged status Home library Current library Shelving location Date acquired Cost, normal purchase price Total Checkouts Full call number Barcode Date last seen Price effective from Koha item type
      College Library College Library Filipiniana Section 05/30/2014 600.00   RT 41 .N937 2004 C13263 05/08/2018 05/30/2014 Books

Nursing practice in the community /

APA

(2004). Nursing practice in the community. Marikina City, Philippines: Argonauta Corporation.

Chicago

2004. Nursing practice in the community. Marikina City, Philippines: Argonauta Corporation.

Harvard

(2004). Nursing practice in the community. Marikina City, Philippines: Argonauta Corporation.

MLA

Nursing practice in the community. Marikina City, Philippines: Argonauta Corporation. 2004.

  • Place hold
  • Print
  • Cite
  • Add to your cart (remove)
  • Save record
    BIBTEX Dublin Core MARCXML MARC (non-Unicode/MARC-8) MARC (Unicode/UTF-8) MARC (Unicode/UTF-8, Standard) MODS (XML) RIS
  • More searches
    Search for this title in:
    Other Libraries (WorldCat) Other Databases (Google Scholar) Online Stores (Bookfinder.com) Open Library (openlibrary.org)

Exporting to Dublin Core...

SOUTHVILLE LIBRARY

Southville International School and Colleges Library

1281 Tropical Ave. Cor. Luxembourg St., BF Homes International, Las Pinas City

Tel. No. 8256374 / 252358 Loc. 117/146

Powered by Koha